| 000 | 00726nam a2200253Ka 4500 | ||
|---|---|---|---|
| 001 | 004276265 | ||
| 003 | OSt | ||
| 005 | 20160106142522.0 | ||
| 008 | 070608m20069999cc a 000 0 eng d | ||
| 020 | _a962042588X (v. 3 text) | ||
| 040 |
_aCVU _cCVU |
||
| 050 |
_aLB 1577 _b.Y19 2006 |
||
| 082 |
_aIB 468.2 _bOr1 2001 |
||
| 090 |
_aLB1577.C5 _bJ7524 2006 |
||
| 245 | 0 | 0 |
_aChinese made easy 3 : _bsimplified characters version _cYamin Ma and Xinying Li. |
| 246 | 3 | 1 | _a轻松学汉语. |
| 260 |
_aHong Kong : _bJoint Publishing, _c2006. |
||
| 300 |
_av, 128 p. : _bill. ; _c26 cm. |
||
| 562 | _e1 | ||
| 650 | 4 |
_aChinese language _vTextbooks (Primary) |
|
| 910 | _a20070608/w/o;man | ||
| 942 |
_2lcc _cBK |
||
| 999 |
_c2072 _d2072 |
||